Global Governance versus Domestic Governance: What Roles for International Institutions? /
Uloženo v:
| Hlavní autor: | |
|---|---|
| Další autoři: | |
| Médium: | Text |
| Témata: | |
| Tagy: |
Přidat tag
Žádné tagy, Buďte první, kdo vytvoří štítek k tomuto záznamu!
|
MARC
| LEADER | 00000 a a2200000 04500 | ||
|---|---|---|---|
| 001 | 18629 | ||
| 003 | |||
| 040 | |||
| 100 | |a Allegret, Jean - Pierre | ||
| 245 | |a Global Governance versus Domestic Governance: |b What Roles for International Institutions? / |c Jean - Pierre Allegret | ||
| 650 | |a GOBERNABILIDAD | ||
| 650 | |a ORGANIZACIONES INTERNACIONALES | ||
| 650 | |a MODELOS ECONOMICOS | ||
| 650 | |a MERCADO FINANCIERO | ||
| 650 | |a ACUERDOS INTERNACIONALES | ||
| 700 | |a Dulbecco, Philippe | ||
| 773 | |g volumen 14, número 2; páginas 173-182 | ||
| 999 | |c 34148 |d 34148 | ||
